Iglésias del Marquet (Registre núm. 5713)
[ vista simple ]
| 000 -CABECERA | |
|---|---|
| Longitud fija campo de control | 00366nam a2200145 a 4500 |
| 001 - NÚMERO DE CONTROL | |
| Número de control | 5713 |
| 003 - IDENTIFICADOR DEL NÚMERO DE CONTROL | |
| Identificador del número de control | CDMR |
| 005 - FECHA Y HORA DE LA ÚLTIMA TRANSACCIÓN | |
| Fecha y hora de la última transacción | 20130220082049.0 |
| 008 - CÓDIGOS DE INFORMACIÓN DE LONGITUD FIJA | |
| Códigos de información de longitud fija | 130130s ||||||||||||||||||||||||||||d |
| 040 ## - FUENTE DE LA CATALOGACIÓN | |
| Centro catalogador de origen | CDMR |
| Lengua de catalogación | cat |
| Centro transcriptor | CPC LLEIDA |
| 110 ## - PUNTO DE ACCESO PRINCIPAL-NOMBRE DE ENTIDAD CORPORATIVA | |
| 9 (RLIN) | 2824 |
| Nombre de entidad corporativa o nombre de jurisdicción como elemento inicial | Museu d'art Jaume Morera |
| 245 #0 - MENCIÓN DE TÍTULO | |
| Título | Iglésias del Marquet |
| 260 ## - PUBLICACIÓN, DISTRIBUCIÓN, ETC. (PIE DE IMPRENTA) | |
| Lugar de publicación, distribución, etc. | Lleida |
| Nombre del editor, distribuidor, etc. | Museu d'Art Jaume Morera |
| 942 ## - ENTRADA DE ELEMENTOS AGREGADOS (KOHA) | |
| Koha [por defecto] tipo de item | Monografies |
| Fuente de clasificaión o esquema | |
No hi ha exemplars disponibles.